| Tag |
First Indicator |
Second Indicator |
Subfields |
| LEADER |
00000cam a2200000 4500 |
| 001 |
in00000033936 |
| 005 |
20151007063349.0 |
| 008 |
740829s1905 nyu 00010 eng u |
| 010 |
|
|
|a 05032808
|
| 035 |
|
|
|a (OCoLC)00992273
|
| 035 |
|
|
|9 AAD7226AM
|
| 040 |
|
|
|c HEI
|d TXA
|d UtOrBLW
|
| 049 |
|
|
|a TXAM
|c [1737]
|
| 050 |
|
0 |
|a PR863
|b .D2
|
| 092 |
|
|
|a 823.09
|b D272m
|
| 100 |
1 |
|
|a Dawson, W. J.
|q (William James),
|d 1854-1928.
|
| 245 |
1 |
4 |
|a The makers of English fiction /
|c by W. J. Dawson.
|
| 264 |
|
1 |
|a New York,
|a Chicago :
|b F.H. Revell Co.,
|c [1905]
|
| 264 |
|
4 |
|c [©1905]
|
| 300 |
|
|
|a 316 pages ;
|c 21 cm.
|
| 336 |
|
|
|a text
|b txt
|2 rdacontent
|
| 337 |
|
|
|a unmediated
|b n
|2 rdamedia
|
| 338 |
|
|
|a volume
|b nc
|2 rdacarrier
|
| 490 |
0 |
|
|a The makers of English fiction--vol. III
|
| 505 |
0 |
|
|a The father of English fiction [Daniel Defoe]--Richardson, and the novel of sentiment.--From Fielding to Jane Austen.--Jane Austen and the novel of social comedy.--The Waverley novels.--Scott's greatness.--William Makepeace Thackeray.--Characteristics of Thackeray.--Charles Dickens.--The greatness of Dickens.--The Brontes.--George Eliot.--Charles Reade.--Charles Kingsley.--George Meredith.--Thomas Hardy.--Robert Louis Stevenson.--Religion in fiction.--American novelists.--Concluding survey.
|
| 650 |
|
0 |
|a Authors, English.
|
| 650 |
|
0 |
|a English fiction
|x History and criticism.
|
| 999 |
|
|
|a MARS
|
| 999 |
f |
f |
|s 56d43c48-f8be-3d57-98c4-2538b0921ffb
|i 687ef77a-c860-34e3-8ecf-9cb698ad2fd6
|t 0
|
| 952 |
f |
f |
|p normal
|a Texas A&M University
|b College Station
|c Sterling C. Evans Library
|d Evans: Library Stacks
|t 0
|e PR863 .D2
|h Library of Congress classification
|i unmediated -- volume
|m A14801335104
|
| 998 |
f |
f |
|a PR863 .D2
|t 0
|l Evans: Library Stacks
|